| 000 | 00586nam a2200217Ia 4500 | ||
|---|---|---|---|
| 003 | OSt | ||
| 005 | 20221007064739.0 | ||
| 006 | a|||||r|||| 00| 0 | ||
| 007 | ta | ||
| 008 | 221006b |||||||| |||| 00| 0 eng d | ||
| 024 | _a27,051 | ||
| 037 | _cReports / Technical Reports | ||
| 040 |
_aFLL _cFLL _beng |
||
| 041 |
_2eng _aeng |
||
| 082 | _aZ2qm, G8.8 | ||
| 245 | 0 | _aUnrepealed central acts | |
| 260 |
_aDelhi _bManager of Publications India _c1939 |
||
| 300 |
_avi,456p _ccm. |
||
| 942 |
_hZ2qm, G8.8 _cREP _2CC |
||
| 999 |
_c1135221 _d1135221 |
||